<?xml version="1.0" encoding="UTF-8"?>
<record
    xmlns:xsi="http://www.w3.org/2001/XMLSchema-instance"
    xsi:schemaLocation="http://www.loc.gov/MARC21/slim http://www.loc.gov/standards/marcxml/schema/MARC21slim.xsd"
    xmlns="http://www.loc.gov/MARC21/slim">

  <leader>01393nam0a22003131  4500</leader>
  <controlfield tag="001">rc\318602</controlfield>
  <controlfield tag="005">20260405060225.0</controlfield>
  <datafield tag="010" ind1=" " ind2=" ">
    <subfield code="a">5-239-00749-7</subfield>
    <subfield code="d">1 &#x440;. 50 &#x43A;.</subfield>
    <subfield code="9">50000</subfield>
  </datafield>
  <datafield tag="021" ind1=" " ind2=" ">
    <subfield code="a">RU</subfield>
    <subfield code="b">90-71120</subfield>
  </datafield>
  <datafield tag="035" ind1=" " ind2=" ">
    <subfield code="a">(NLR Aleph) 005553334</subfield>
  </datafield>
  <datafield tag="090" ind1=" " ind2=" ">
    <subfield code="a">5833995</subfield>
    <subfield code="c">5833995</subfield>
  </datafield>
  <datafield tag="100" ind1=" " ind2=" ">
    <subfield code="a">20030307d1990    |||y0rusy50      ca</subfield>
  </datafield>
  <datafield tag="101" ind1="0" ind2=" ">
    <subfield code="a">rus</subfield>
  </datafield>
  <datafield tag="102" ind1=" " ind2=" ">
    <subfield code="a">RU</subfield>
  </datafield>
  <datafield tag="105" ind1=" " ind2=" ">
    <subfield code="a">y z||||||g|</subfield>
  </datafield>
  <datafield tag="200" ind1="1" ind2=" ">
    <subfield code="a">&#x412; &#x442;&#x43E;&#x441;&#x43A;&#x435; &#x43F;&#x43E; &#x438;&#x434;&#x435;&#x430;&#x43B;&#x443;</subfield>
    <subfield code="e">&#x43F;&#x430;&#x440;&#x43E;&#x434;&#x438;&#x438;</subfield>
    <subfield code="f">&#x410;&#x43B;&#x435;&#x43A;&#x441;&#x430;&#x43D;&#x434;&#x440; &#x418;&#x432;&#x430;&#x43D;&#x43E;&#x432;</subfield>
  </datafield>
  <datafield tag="210" ind1=" " ind2=" ">
    <subfield code="a">&#x41C;&#x43E;&#x441;&#x43A;&#x432;&#x430;</subfield>
    <subfield code="c">&#x41C;&#x43E;&#x441;&#x43A;&#x43E;&#x432;&#x441;&#x43A;&#x438;&#x439; &#x440;&#x430;&#x431;&#x43E;&#x447;&#x438;&#x439;</subfield>
    <subfield code="d">1990</subfield>
  </datafield>
  <datafield tag="215" ind1=" " ind2=" ">
    <subfield code="a">142, [1] &#x441;.</subfield>
    <subfield code="d">17</subfield>
  </datafield>
  <datafield tag="327" ind1="0" ind2=" ">
    <subfield code="a">&#x420;&#x430;&#x437;&#x434;&#x435;&#x43B;&#x44B;: &#x41F;&#x440;&#x43E;&#x437;&#x430;&#x438;&#x43A;&#x438; &#x438; &#x43E;&#x434;&#x438;&#x43D; &#x434;&#x440;&#x430;&#x43C;&#x430;&#x442;&#x443;&#x440;&#x433; ; &#x41E;&#x434;&#x43D;&#x438; &#x43F;&#x43E;&#x44D;&#x442;&#x44B; ; &#x41D;&#x430;&#x440;&#x43E;&#x434;&#x43D;&#x44B;&#x435; &#x434;&#x435;&#x43F;&#x443;&#x442;&#x430;&#x442;&#x44B; : &#x44D;&#x43F;&#x438;&#x433;&#x440;&#x430;&#x43C;&#x43C;&#x44B; &#x438; &#x43F;&#x43E;&#x441;&#x432;&#x44F;&#x449;&#x435;&#x43D;&#x438;&#x44F;</subfield>
  </datafield>
  <datafield tag="464" ind1=" " ind2="0">
    <subfield code="1">2001#$a&#x41F;&#x440;&#x43E;&#x437;&#x430;&#x438;&#x43A;&#x438; &#x438; &#x43E;&#x434;&#x438;&#x43D; &#x434;&#x440;&#x430;&#x43C;&#x430;&#x442;&#x443;&#x440;&#x433;</subfield>
    <subfield code="t">&#x41F;&#x440;&#x43E;&#x437;&#x430;&#x438;&#x43A;&#x438; &#x438; &#x43E;&#x434;&#x438;&#x43D; &#x434;&#x440;&#x430;&#x43C;&#x430;&#x442;&#x443;&#x440;&#x433;</subfield>
  </datafield>
  <datafield tag="464" ind1=" " ind2="0">
    <subfield code="1">2001#$a&#x41E;&#x434;&#x43D;&#x438; &#x43F;&#x43E;&#x44D;&#x442;&#x44B;</subfield>
    <subfield code="t">&#x41E;&#x434;&#x43D;&#x438; &#x43F;&#x43E;&#x44D;&#x442;&#x44B;</subfield>
  </datafield>
  <datafield tag="464" ind1=" " ind2="0">
    <subfield code="1">2001#$a&#x41D;&#x430;&#x440;&#x43E;&#x434;&#x43D;&#x44B;&#x435; &#x434;&#x435;&#x43F;&#x443;&#x442;&#x430;&#x442;&#x44B;$e&#x44D;&#x43F;&#x438;&#x433;&#x440;&#x430;&#x43C;&#x43C;&#x44B; &#x438; &#x43F;&#x43E;&#x441;&#x432;&#x44F;&#x449;&#x435;&#x43D;&#x438;&#x44F;</subfield>
    <subfield code="t">&#x41D;&#x430;&#x440;&#x43E;&#x434;&#x43D;&#x44B;&#x435; &#x434;&#x435;&#x43F;&#x443;&#x442;&#x430;&#x442;&#x44B;</subfield>
  </datafield>
  <datafield tag="700" ind1=" " ind2="1">
    <subfield code="8">rus</subfield>
    <subfield code="7">ca</subfield>
    <subfield code="a">&#x418;&#x432;&#x430;&#x43D;&#x43E;&#x432;</subfield>
    <subfield code="c">&#x43F;&#x43E;&#x44D;&#x442;-&#x43F;&#x430;&#x440;&#x43E;&#x434;&#x438;&#x441;&#x442;</subfield>
    <subfield code="b">&#x410;. &#x410;.</subfield>
    <subfield code="f">1936-1996</subfield>
    <subfield code="g">&#x410;&#x43B;&#x435;&#x43A;&#x441;&#x430;&#x43D;&#x434;&#x440; &#x410;&#x43B;&#x435;&#x43A;&#x441;&#x430;&#x43D;&#x434;&#x440;&#x43E;&#x432;&#x438;&#x447;</subfield>
    <subfield code="3">RU\NLR\AUTH\7719579</subfield>
    <subfield code="9">2651</subfield>
  </datafield>
  <datafield tag="801" ind1=" " ind2="0">
    <subfield code="a">RU</subfield>
    <subfield code="b">NLR</subfield>
    <subfield code="g">psbo</subfield>
  </datafield>
  <datafield tag="801" ind1=" " ind2="1">
    <subfield code="a">RU</subfield>
    <subfield code="b">ELAR</subfield>
    <subfield code="2">rusmarc</subfield>
  </datafield>
  <datafield tag="801" ind1=" " ind2="2">
    <subfield code="a">RU</subfield>
    <subfield code="b">NLR</subfield>
    <subfield code="c">20150325</subfield>
    <subfield code="2">rusmarc</subfield>
  </datafield>
  <datafield tag="852" ind1=" " ind2=" ">
    <subfield code="a">NLR</subfield>
    <subfield code="j">90-2/2868</subfield>
  </datafield>
  <datafield tag="942" ind1=" " ind2=" ">
    <subfield code="c">BOOK</subfield>
  </datafield>
  <datafield tag="980" ind1=" " ind2=" ">
    <subfield code="a">NB</subfield>
  </datafield>
  <datafield tag="995" ind1=" " ind2=" ">
    <subfield code="5">2013-10-26</subfield>
    <subfield code="b">NLR01</subfield>
    <subfield code="c">NLR01</subfield>
    <subfield code="e">RF9</subfield>
    <subfield code="f">5553334-10</subfield>
    <subfield code="k">90-2/2868</subfield>
    <subfield code="o">0</subfield>
    <subfield code="r">BOOK</subfield>
    <subfield code="s">9022868_</subfield>
  </datafield>
</record>
